[Event "NCA-chT final"]
[Site "Managua"]
[Date "2017.10.29"]
[Round "6.2"]
[White "Jimenez Martinez, Alexander"]
[Black "Torres, Juan Carlos1"]
[Result "0-1"]
[WhiteElo "2026"]
[BlackElo "1979"]
[PlyCount "98"]
[EventDate "2017.10.21"]
[EventType "team-tourn"]
[EventRounds "9"]
[EventCountry "NCA"]
[SourceTitle "CBM 181 Extra"]
[Source "ChessBase"]
[SourceDate "2017.12.12"]
[SourceVersion "1"]
[SourceVersionDate "2017.12.12"]
[SourceQuality "1"]

1. e4 c5 2. Nf3 Nc6 3. Bb5 Qc7 4. 0-0 a6 5. Bxc6 Qxc6 6. Nc3 e6 7. d4 cxd4 8. Nxd4 Qc7 9. Qe2 b5 10. e5 Bb7 11. Bf4 Bc5 12. Rad1 Nf6 13. Bg3 Nd5 14. Ne4 0-0 15. Rfe1 Qb6 16. c3 f6 17. exf6 Nxf6 18. Nxc5 Qxc5 19. f3 Nd5 20. Qe5 Rac8 21. Qd6 Qxd6 22. Bxd6 Rf7 23. Nb3 Nb6 24. Nc5 Bd5 25. Nxa6 Nc4 26. Bg3 Nxb2 27. Rd2 Nc4 28. Rd4 h6 29. Nc7 Bc6 30. Na6 Na5 31. Re2 Bd5 32. Nb4 Bc4 33. Re1 Ra8 34. Rd6 Kf8 35. Red1 Ke8 36. Na6 Rc8 37. Nb4 Ra8 38. h3 Be2 39. R1d2 Bc4 40. Rd1 Be2 41. Ra1 Bc4 42. Be5 Ke7 43. f4 g5 44. g3 gxf4 45. gxf4 Rg8+ 46. Kh2 Ra8 47. Rad1 Ke8 48. Rg1 Ke7 49. Rgd1 Ke8 0-1

[Event "Managua Hurtado Memorial 16th"]
[Site "Managua"]
[Date "2016.12.28"]
[Round "5"]
[White "Jimenez Martinez, Alexander"]
[Black "Avalos, Carlos"]
[Result "1-0"]
[WhiteElo "1997"]
[BlackElo "1884"]
[PlyCount "69"]
[EventDate "2016.12.26"]
[EventType "swiss"]
[EventRounds "9"]
[EventCountry "NCA"]
[SourceTitle "CBM 176 Extra"]
[Source "ChessBase"]
[SourceDate "2017.03.02"]
[SourceVersion "1"]
[SourceVersionDate "2017.03.02"]
[SourceQuality "1"]

1. e4 c5 2. Nf3 e6 3. Nc3 Nc6 4. d4 cxd4 5. Nxd4 Nf6 6. Be2 Bb4 7. Nxc6 bxc6 8. 0-0 Qa5 9. Bd3 Ba6 10. Bxa6 Qxa6 11. e5 Bxc3 12. bxc3 Nd5 13. Qg4 Rg8 14. Bd2 Rb8 15. c4 Qa4 16. Qe2 Nb6 17. Rab1 Rc8 18. c5 Qc4 19. Qh5 Nd5 20. Qxh7 Kf8 21. Rb7 Rd8 22. g3 Qxc5 23. Rfb1 f5 24. exf6 Nxf6 25. Qg6 Qd6 26. Ba5 Rc8 27. Bc7 Qd5 28. c4 Qd4 29. Bf4 Ne4 30. Be3 Qe5 31. Rxd7 Qf5 32. Qxf5+ exf5 33. f3 Nf6 34. Bc5+ Ke8 35. Rxa7 1-0

[Event "Managua Hurtado Memorial 16th"]
[Site "Managua"]
[Date "2016.12.27"]
[Round "3"]
[White "Jimenez Martinez, Alexander"]
[Black "Rios Borgen, Edgard Jose"]
[Result "0-1"]
[WhiteElo "1997"]
[BlackElo "1867"]
[PlyCount "80"]
[EventDate "2016.12.26"]
[EventType "swiss"]
[EventRounds "9"]
[EventCountry "NCA"]
[SourceTitle "CBM 176 Extra"]
[Source "ChessBase"]
[SourceDate "2017.03.02"]
[SourceVersion "1"]
[SourceVersionDate "2017.03.02"]
[SourceQuality "1"]

1. e4 e5 2. Nf3 Nc6 3. Bb5 a6 4. Ba4 Nf6 5. d3 d6 6. a3 h6 7. Nc3 Be6 8. Bxc6+ bxc6 9. d4 exd4 10. Nxd4 Qd7 11. 0-0 Be7 12. f4 0-0 13. h3 c5 14. Nf3 Qc6 15. Re1 Rad8 16. Qe2 Rfe8 17. Qf2 Bc8 18. Bd2 Bb7 19. e5 Nd5 20. Re2 Bf8 21. Rae1 Nxc3 22. Bxc3 d5 23. Qg3 d4 24. Bd2 c4 25. f5 d3 26. cxd3 cxd3 27. Rf2 Kh7 28. Rff1 Qb6+ 29. Kh2 Bxf3 30. Rxf3 Qxb2 31. Rxd3 Rxd3 32. Qxd3 Qxa3 33. Qc4 Qe7 34. Qxa6 Qd7 35. Ba5 Rxe5 36. Rxe5 Bd6 37. Qf1 Bxe5+ 38. Kh1 Qd4 39. Be1 Qd8 40. f6 g6 0-1

[Event "NCA Select"]
[Site "Managua"]
[Date "2016.05.08"]
[Round "2"]
[White "Alfaro Caracas, William"]
[Black "Jimenez Martinez, Alexander"]
[Result "1/2-1/2"]
[WhiteElo "2167"]
[BlackElo "2056"]
[PlyCount "97"]
[EventDate "2016.05.07"]
[EventType "tourn"]
[EventRounds "9"]
[EventCountry "NCA"]
[SourceTitle "CBM 172 Extra"]
[Source "ChessBase"]
[SourceDate "2016.06.21"]
[SourceVersion "1"]
[SourceVersionDate "2016.06.21"]
[SourceQuality "1"]

1. d4 Nf6 2. Nf3 g6 3. g3 Bg7 4. Bg2 0-0 5. c4 d6 6. 0-0 c6 7. Nc3 Qa5 8. h3 Qa6 9. b3 b5 10. cxb5 cxb5 11. a4 bxa4 12. Rxa4 Qb6 13. Nd2 Bb7 14. Nc4 Qc7 15. d5 Nbd7 16. Nb5 Qb8 17. Be3 Nc5 18. Ra3 Bxd5 19. Bxd5 Nxd5 20. Qxd5 Qxb5 21. Rb1 Rfb8 22. Ra5 Qb7 23. Qxb7 Rxb7 24. Bxc5 dxc5 25. Rxc5 Rab8 26. Nd2 a5 27. Rbc1 Rb5 28. e3 Bf6 29. Kf1 Bb2 30. Rc8+ Rxc8 31. Rxc8+ Kg7 32. Ke2 Ba3 33. Rc3 Bb4 34. Rd3 a4 35. bxa4 Ra5 36. Rd4 Rxa4 37. Kf3 Ra2 38. Rxb4 Rxd2 39. Rb7 Kf6 40. h4 h5 41. Rb6+ e6 42. e4 Ra2 43. Ke3 Ra3+ 44. Ke2 Ra2+ 45. Kf3 Rc2 46. Rb5 e5 47. Rb6+ Ke7 48. Rb7+ Ke6 49. Rb6+ 1/2-1/2

[Event "NCA-ch final"]
[Site "Managua"]
[Date "2016.04.23"]
[Round "10"]
[White "Jimenez Martinez, Alexander"]
[Black "Bravo, William"]
[Result "1-0"]
[WhiteElo "2056"]
[BlackElo "2200"]
[PlyCount "86"]
[EventDate "2016.04.02"]
[EventType "tourn"]
[EventRounds "11"]
[EventCountry "NCA"]
[SourceTitle "EXT 2018"]
[Source "ChessBase"]
[SourceDate "2017.10.13"]
[SourceVersion "1"]
[SourceVersionDate "2017.10.13"]
[SourceQuality "1"]

1. e4 e5 2. Nf3 Nc6 3. Bb5 a6 4. Ba4 Nf6 5. Nc3 b5 6. Bb3 Be7 7. 0-0 d6 8. a3 Bg4 9. Ne2 Bxf3 10. gxf3 0-0 11. d3 d5 12. Bg5 Nh5 13. Bxd5 Bxg5 14. Bxc6 Rb8 15. Ng3 Nf4 16. Kh1 Rb6 17. Bd5 Nxd5 18. exd5 Qxd5 19. Qe2 f5 20. Rfe1 Bf4 21. Rg1 Kh8 22. Rg2 Rh6 23. Rag1 Rh3 24. d4 exd4 25. Qe7 Bd6 26. Qe2 g5 27. Re1 Rh6 28. Kg1 c5 29. Nf1 Rg6 30. a4 c4 31. axb5 axb5 32. Qd2 Bf4 33. Qb4 Rd8 34. Qe7 Qd6 35. Qb7 Qd7 36. Qxd7 Rxd7 37. Ng3 d3 38. cxd3 cxd3 39. Nxf5 d2 40. Rd1 Rc7 41. Kf1 Rc1 42. Ke2 Rc2 43. Ne3 Rd6 1-0

[Event "NCA-ch final"]
[Site "Managua"]
[Date "2016.04.17"]
[Round "9"]
[White "Rocha, Maximiliano"]
[Black "Jimenez Martinez, Alexander"]
[Result "1-0"]
[WhiteElo "2149"]
[BlackElo "2056"]
[PlyCount "111"]
[EventDate "2016.04.02"]
[EventType "tourn"]
[EventRounds "11"]
[EventCountry "NCA"]
[SourceTitle "EXT 2018"]
[Source "ChessBase"]
[SourceDate "2017.10.13"]
[SourceVersion "1"]
[SourceVersionDate "2017.10.13"]
[SourceQuality "1"]

1. e4 c5 2. Nf3 d6 3. d4 cxd4 4. Nxd4 Nf6 5. f3 g6 6. c4 Bg7 7. Nc3 0-0 8. Be2 Nc6 9. Be3 Bd7 10. 0-0 Nxd4 11. Bxd4 Bc6 12. Qd2 Nd7 13. Be3 Nc5 14. Rad1 Qb6 15. b4 Qxb4 16. Nd5 Qxd2 17. Nxe7+ Kh8 18. Rxd2 Ba4 19. Rxd6 b6 20. Rd2 Rfe8 21. Nd5 Rac8 22. g4 Nb7 23. Rc1 Bc6 24. Rcd1 Ba4 25. Rc1 Bc6 26. Rcd1 Ba4 27. Rb1 Bc6 28. h4 f5 29. h5 Bxd5 30. Rxd5 fxg4 31. h6 Bf8 32. Rd7 Re7 33. Rxe7 Bxe7 34. f4 Bc5 35. Kf2 Rd8 36. Bxc5 Nxc5 37. Ke3 g3 38. Rg1 Kg8 39. Rxg3 Kf7 40. Rg1 Rd7 41. Rc1 Re7 42. Bf3 Rd7 43. Rc3 g5 44. Bh5+ Kf8 45. fxg5 Re7 46. Kf4 Rxe4+ 47. Kf5 Rh4 48. Bg4 Ne4 49. Rf3 Kg8 50. Rf4 Nc5 51. Rd4 Kf8 52. Rd8+ Ke7 53. Rh8 Kd6 54. Rxh7 Ne6 55. g6 Nd4+ 56. Kg5 1-0

[Event "NCA-ch final"]
[Site "Managua"]
[Date "2016.04.10"]
[Round "6"]
[White "Jimenez Martinez, Alexander"]
[Black "Espinoza, Felix"]
[Result "0-1"]
[WhiteElo "2056"]
[BlackElo "2170"]
[PlyCount "46"]
[EventDate "2016.04.02"]
[EventType "tourn"]
[EventRounds "11"]
[EventCountry "NCA"]
[SourceTitle "EXT 2018"]
[Source "ChessBase"]
[SourceDate "2017.10.13"]
[SourceVersion "1"]
[SourceVersionDate "2017.10.13"]
[SourceQuality "1"]

1. e4 c5 2. Nf3 d6 3. Bb5+ Bd7 4. Bxd7+ Qxd7 5. 0-0 Nc6 6. c3 Nf6 7. Qe2 e6 8. d4 d5 9. e5 Ne4 10. Nbd2 Nxd2 11. Bxd2 Be7 12. dxc5 Bxc5 13. Ne1 0-0 14. Nd3 Bb6 15. h3 f6 16. exf6 Rxf6 17. Rae1 Re8 18. Ne5 Nxe5 19. Qxe5 Ref8 20. Be3 Bc7 21. Qd4 e5 22. Qxa7 e4 23. Qd4 Rg6 0-1

[Event "Managua Hurtado Memorial 15th"]
[Site "Managua"]
[Date "2015.12.29"]
[Round "6"]
[White "Jimenez Martinez, Alexander"]
[Black "Rios Borgen, Edgard Jose"]
[Result "1-0"]
[WhiteElo "2002"]
[BlackElo "1887"]
[PlyCount "43"]
[EventDate "2015.12.26"]
[EventType "swiss"]
[EventRounds "9"]
[EventCountry "NCA"]
[SourceTitle "CBM 170 Extra"]
[Source "ChessBase"]
[SourceDate "2016.02.25"]
[SourceVersion "1"]
[SourceVersionDate "2016.02.25"]
[SourceQuality "1"]

1. e4 e5 2. Nf3 Nc6 3. Bb5 a6 4. Ba4 Nf6 5. 0-0 Be7 6. Re1 b5 7. Bb3 0-0 8. h3 d6 9. c3 Nb8 10. a4 Bb7 11. Bc2 Nbd7 12. d4 Re8 13. Nbd2 Bf8 14. d5 c6 15. dxc6 Bxc6 16. Nf1 Qc7 17. Ng3 g6 18. Qe2 Bg7 19. Bd2 d5 20. Bg5 Qb7 21. axb5 axb5 22. Qd2 1-0

[Event "NCA-chT"]
[Site "Managua"]
[Date "2015.11.29"]
[Round "9.1"]
[White "Jimenez Martinez, Alexander"]
[Black "Espinoza, Felix"]
[Result "1/2-1/2"]
[WhiteElo "2002"]
[BlackElo "2211"]
[PlyCount "40"]
[EventDate "2015.11.14"]
[EventType "team-tourn"]
[EventRounds "9"]
[EventCountry "NCA"]
[SourceTitle "EXT 2018"]
[Source "ChessBase"]
[SourceDate "2017.10.13"]
[SourceVersion "1"]
[SourceVersionDate "2017.10.13"]
[SourceQuality "1"]
[WhiteTeam "Jose Raul Capablanca"]
[BlackTeam "Academia Julio Ramirez"]
[WhiteTeamCountry "NCA"]
[BlackTeamCountry "NCA"]

1. e4 c5 2. Nf3 d6 3. Bb5+ Bd7 4. Bxd7+ Qxd7 5. 0-0 Nc6 6. c3 Nf6 7. Qe2 e6 8. Rd1 Be7 9. d4 cxd4 10. cxd4 d5 11. e5 Ne4 12. Ne1 h6 13. f3 Ng5 14. Be3 Rc8 15. Nd3 Nb4 16. Nxb4 Bxb4 17. Nd2 Be7 18. Nb3 Bb4 19. Nd2 Be7 20. Nb3 Bb4 1/2-1/2

[Event "NCA-chT"]
[Site "Managua"]
[Date "2015.11.21"]
[Round "4.1"]
[White "Jimenez Martinez, Alexander"]
[Black "Davila, Carlos"]
[Result "0-1"]
[WhiteElo "2002"]
[BlackElo "2263"]
[PlyCount "78"]
[EventDate "2015.11.14"]
[EventType "team-tourn"]
[EventRounds "9"]
[EventCountry "NCA"]
[SourceTitle "EXT 2018"]
[Source "ChessBase"]
[SourceDate "2017.10.13"]
[SourceVersion "1"]
[SourceVersionDate "2017.10.13"]
[SourceQuality "1"]
[WhiteTeam "Jose Raul Capablanca"]
[BlackTeam "Granados Lazaro"]
[WhiteTeamCountry "NCA"]
[BlackTeamCountry "NCA"]

1. e4 c5 2. Nf3 e6 3. d4 cxd4 4. Nxd4 a6 5. Bd3 g6 6. 0-0 Bg7 7. Be3 d5 8. exd5 Qxd5 9. Nc3 Qd8 10. Nb3 Ne7 11. Qe2 0-0 12. a4 Nbc6 13. Rfd1 Nd5 14. Nxd5 exd5 15. c3 Re8 16. Qd2 Ne5 17. Be2 Bf5 18. Nc5 Qe7 19. Qxd5 b6 20. Nxa6 Bc2 21. Rdc1 Rad8 22. Qb5 Be4 23. Qb4 Qb7 24. Qxb6 Bxg2 25. Qxb7 Bxb7 26. Nc5 Bf3 27. Bxf3 Nxf3+ 28. Kh1 Rxe3 29. Rd1 Rb8 30. Kg2 Rxb2 31. Rd8+ Bf8 32. Nd7 Kg7 33. Nxf8 Nh4+ 34. Kg1 Re5 35. Rf1 Nf3+ 36. Kg2 Nd2 37. Ra1 Rg5+ 38. Kh3 Ne4 39. Kh4 Rxf2 0-1

[Event "NCA-chT"]
[Site "Managua"]
[Date "2015.10.22"]
[Round "6.1"]
[White "Vallecillo, Saul"]
[Black "Jimenez Martinez, Alexander"]
[Result "0-1"]
[WhiteElo "1827"]
[BlackElo "2002"]
[PlyCount "60"]
[EventDate "2015.11.14"]
[EventType "team-tourn"]
[EventRounds "9"]
[EventCountry "NCA"]
[SourceTitle "EXT 2018"]
[Source "ChessBase"]
[SourceDate "2017.10.13"]
[SourceVersion "1"]
[SourceVersionDate "2017.10.13"]
[SourceQuality "1"]
[WhiteTeam "Joaquin Hurtado"]
[BlackTeam "Jose Raul Capablanca"]
[WhiteTeamCountry "NCA"]
[BlackTeamCountry "NCA"]

1. e4 c5 2. c3 d5 3. exd5 Qxd5 4. Nf3 Nf6 5. d4 e6 6. Be3 cxd4 7. Qxd4 Nc6 8. Qa4 Bd7 9. Qc2 Bc5 10. Bxc5 Qxc5 11. Nbd2 Rc8 12. Be2 0-0 13. Nb3 Qb6 14. Rd1 Rfd8 15. 0-0 a5 16. Qb1 a4 17. Nbd4 Nxd4 18. Rxd4 Bc6 19. Rb4 Qc5 20. Nd4 Be4 21. Qe1 a3 22. Nb3 Qg5 23. f3 Bc6 24. bxa3 Qe3+ 25. Kh1 Nd5 26. Rc4 Nf4 27. Nd4 Rxd4 28. Rxd4 Nxe2 29. Rd2 Bb5 30. Rf2 Ng3+ 0-1

[Event "NCA-chT Primera Division"]
[Site "Managua"]
[Date "2012.02.26"]
[Round "9.11"]
[White "Jimenez Martinez, Alexander"]
[Black "Ampie, Mauro"]
[Result "0-1"]
[WhiteElo "1796"]
[BlackElo "1880"]
[PlyCount "72"]
[EventDate "2012.02.17"]
[EventType "swiss"]
[EventRounds "9"]
[EventCountry "NCA"]
[SourceTitle "EXT 2024"]
[Source "ChessBase"]
[SourceDate "2023.10.10"]
[SourceVersion "1"]
[SourceVersionDate "2023.10.10"]
[SourceQuality "1"]

1. e4 e6 2. d4 d5 3. e5 c5 4. c3 Qb6 5. Nf3 Nc6 6. a3 c4 7. Nbd2 Na5 8. Rb1 Bd7 9. b3 cxb3 10. Nxb3 Ba4 11. Nfd2 Rc8 12. Nxa5 Bxd1 13. Rxb6 axb6 14. Bb5+ Ke7 15. Nxb7 Bc2 16. c4 Rc7 17. Nd6 Bd3 18. a4 Kd8 19. Ba3 Bxd6 20. exd6 Ra7 21. f3 dxc4 22. Kf2 Nf6 23. Rc1 c3 24. Rxc3 Bxb5 25. axb5 Nd5 26. Rb3 Kd7 27. Ne4 Rha8 28. Bc5 f5 29. Ng5 Ra2+ 30. Kg3 bxc5 31. dxc5 Rc2 32. c6+ Kxd6 33. Nf7+ Kc7 34. Ne5 Raa2 35. Kh4 Rxg2 36. h3 Rab2 0-1

[Event "NCA-chT Primera Division"]
[Site "Managua"]
[Date "2012.02.19"]
[Round "5.15"]
[White "Vallecillo, Saul"]
[Black "Jimenez Martinez, Alexander"]
[Result "0-1"]
[WhiteElo "1876"]
[BlackElo "1796"]
[PlyCount "54"]
[EventDate "2012.02.17"]
[EventType "swiss"]
[EventRounds "9"]
[EventCountry "NCA"]
[SourceTitle "EXT 2024"]
[Source "ChessBase"]
[SourceDate "2023.10.10"]
[SourceVersion "1"]
[SourceVersionDate "2023.10.10"]
[SourceQuality "1"]

1. e4 c5 2. Nf3 Nc6 3. d4 cxd4 4. Nxd4 g6 5. Nc3 Bg7 6. Be3 Nf6 7. f3 0-0 8. Bc4 Qb6 9. Bb3 Nxe4 10. Nd5 Qa5+ 11. c3 Bxd4 12. Bxd4 Nd6 13. 0-0 Nf5 14. Bf2 d6 15. Qd2 Be6 16. g4 Ng7 17. Be3 Rfe8 18. Rfe1 Ne5 19. Kf2 Rac8 20. Nf4 Bc4 21. Bd4 Qa6 22. Bxe5 dxe5 23. Bxc4 Rxc4 24. Rxe5 Qf6 25. Nd3 Rxg4 26. Qe2 Qh4+ 27. Kf1 Qh3+ 0-1

[Event "NCA-chT Primera Division"]
[Site "Managua"]
[Date "2012.02.17"]
[Round "2.8"]
[White "Espinoza, Felix"]
[Black "Jimenez Martinez, Alexander"]
[Result "1-0"]
[WhiteElo "2139"]
[BlackElo "1796"]
[PlyCount "53"]
[EventDate "2012.02.17"]
[EventType "swiss"]
[EventRounds "9"]
[EventCountry "NCA"]
[SourceTitle "EXT 2024"]
[Source "ChessBase"]
[SourceDate "2023.10.10"]
[SourceVersion "1"]
[SourceVersionDate "2023.10.10"]
[SourceQuality "1"]

1. e4 c5 2. Nf3 Nc6 3. d4 cxd4 4. Nxd4 g6 5. Nc3 Bg7 6. Be3 Nf6 7. Bc4 0-0 8. Bb3 Qa5 9. f3 d5 10. Bxd5 Nxd5 11. exd5 Nb4 12. Nb3 Qd8 13. Qd2 Bxc3 14. bxc3 Nxd5 15. Bh6 Re8 16. 0-0-0 Be6 17. Nc5 Qa5 18. Qd4 Qa3+ 19. Kd2 Qxc3+ 20. Qxc3 Nxc3 21. Kxc3 Rac8 22. Kb4 a5+ 23. Kb5 Bxa2 24. Rd7 e6 25. Rxb7 Bd5 26. Rb6 a4 27. c4 1-0

[Event "NCA-chT Primera Division"]
[Site "Managua"]
[Date "2012.02.17"]
[Round "3.14"]
[White "Garcia Gutierrez, Jorge"]
[Black "Jimenez Martinez, Alexander"]
[Result "0-1"]
[WhiteElo "1889"]
[BlackElo "1796"]
[PlyCount "56"]
[EventDate "2012.02.17"]
[EventType "swiss"]
[EventRounds "9"]
[EventCountry "NCA"]
[SourceTitle "EXT 2024"]
[Source "ChessBase"]
[SourceDate "2023.10.10"]
[SourceVersion "1"]
[SourceVersionDate "2023.10.10"]
[SourceQuality "1"]

1. b3 d5 2. Bb2 Nf6 3. e3 Bf5 4. c4 e6 5. f4 Nbd7 6. Nf3 Bd6 7. Be2 Qe7 8. 0-0 0-0-0 9. Ne5 h5 10. h3 Ne4 11. Bf3 Ndc5 12. d4 Bxe5 13. fxe5 dxc4 14. bxc4 Ng3 15. Rf2 Nce4 16. Qb3 c6 17. Bxe4 Nxe4 18. Re2 g5 19. Ba3 Qc7 20. Nc3 h4 21. Nxe4 Bxe4 22. Rb2 Rd7 23. Bd6 Qa5 24. a4 g4 25. Bb4 Qd8 26. a5 gxh3 27. a6 b6 28. d5 exd5 0-1